| 000 | 00380nam a2200157Ia 4500 | ||
|---|---|---|---|
| 008 | 230917s9999||||xx |||||||||||||| ||und|| | ||
| 040 |
_e145233 _aMAIN |
||
| 041 | _aEnglish | ||
| 082 | _a158.7 S15P | ||
| 100 | _aSiegel, Laurence | ||
| 245 | 0 | _aPersonnal and organization Psychology | |
| 250 | _a2nd ed. | ||
| 260 |
_aIllinois _bIrwin _c1987 |
||
| 300 | _a617p p. | ||
| 942 | _cBK | ||
| 999 |
_c59331 _d59331 |
||